Les Villes d'Andalousie en Images - Statistiques

Statistiques générales
  • Ce quiz a été pris 108 fois
  • Le résultat moyen est 7 sur 18
Statistiques - réponses
Par images Hint Réponse % Correct
S Séville
100%
M Malaga
89%
G Grenade
87%
C Cordoue
81%
C Cadix
52%
R Ronda
52%
J Jaén
39%
M Marbella
37%
A Almeria
36%
H Huelva
32%
J Jerez-de-la-Frontera
31%
G Guadix
8%
U Ubeda
8%
A Antequera
7%
B Baeza
4%
A Arcos de la Frontera
1%
C Carmona
1%
É Écija
1%
Aucun quiz correspondant
Distribution des résultats
% des personnes avec chaque résultat
Percentile par nombre de réponses
Votre historique - résultats
Vous n’avez pas pris ce quiz